| 000 | 00687nam a22001577a 4500 | ||
|---|---|---|---|
| 003 | OSt | ||
| 005 | 20160310153824.0 | ||
| 008 | 160310b xxu||||| |||| 00| 0 eng d | ||
| 040 | _cRUA | ||
| 082 | _aVEM HEN 2014 B459 Or.1 | ||
| 100 |
_97934 _aHEN HENG ; ហ៊ិន ហេង |
||
| 245 | _aSurvey on common infectionus diseases of pig in samrong district, takeo province, ការអង្កេតពីជំងឺឆ្លងលើសត្វជ្រូកដែលច្រើនជួបប្រទះនៅក្នុងស្រុក សំរោង ខេត្តតាកែវ | ||
| 260 |
_aPhnom Penh _bRUA _c2014 |
||
| 300 |
_aix ;47p. _bill. _c29cm. |
||
| 942 |
_2ddc _cVEM |
||
| 999 |
_c7527 _d7527 |
||